[Event "Chinggis Invitational IV 2018"]
[Site "Ulaanbaatar"]
[Date "2018.08.09"]
[Round "2"]
[White "Shomoev, Anton"]
[Black "Batchuluun, Tsegmed"]
[Result "1-0"]
[WhiteElo "2552"]
[BlackElo "2571"]
[Annotator "TA"]
[PlyCount "127"]
[EventDate "2018.08.08"]
[EventType "tourn"]
[EventCountry "MGL"]
[SourceTitle "playchess.com"]
[Source "ChessBase"]
[SourceQuality "1"]

{[%evp 19,127,0,0,0,0,0,0,0,10,0,0,-14,-16,-43,-42,-33,0,0,0,-22,0,0,22,18,29,23,42,35,42,42,59,42,86,55,62,42,42,41,41,31,43,32,36,26,35,23,29,5,24,0,11,8,19,6,33,24,24,0,10,0,30,0,30,18,27,25,27,0,0,0,0,0,0,0,0,-15,29,20,43,22,56,-31,60,61,71,55,41,0,102,71,94,79,135,139,120,131,228,230,584,574,755,819,814,592,562,577,1889,1783,29995,29996]} 1. e4 e5 2. Nf3 Nc6 3. Bb5 Nf6 4. d3 Bc5 5. Bxc6 dxc6 6. Nbd2 {C65: Ruy Lopez: Berlin Defence (3...Nf6), unusual lines and 4 0-0 Bc5} (6. Qe2 Qe7 7. Nbd2 Bg4 8. h3 Bh5 9. a3 Nd7 10. b4 Bb6 11. Nc4 a5 12. Rb1 axb4 13. axb4 Ra2 {0-1 (52) Carlsen,M (2843)-Aronian,L (2764) Stavanger 2018}) 6... Be6 7. O-O Nd7 8. Nb3 Bb6 9. Ng5 Bxb3 10. axb3 f6 {LiveBook: 22 Games} 11. Nf3 Qe7 12. Nd2 a6 13. Nc4 Ba7 {[#]} 14. Kh1 $146 O-O-O 15. Be3 Bxe3 16. fxe3 Kb8 17. Qd2 Rhe8 18. b4 Kc8 19. Ra3 Nb8 20. Qc3 Qe6 21. Na5 Re7 22. h3 Rdd7 23. Nb3 {Threatens to win with Nc5.} b6 24. Nd2 Kd8 25. Raa1 Ke8 26. Nf3 Kd8 27. Kh2 Kc8 28. Nd2 Rd8 29. Nc4 Rdd7 30. Rf3 Rd8 31. Raf1 Red7 32. Rg3 Kb7 33. Qb3 Re8 34. Rf2 Kc8 35. Rgf3 Kb7 36. Rf5 Kc8 37. Kg1 Kb7 38. Kf1 Rde7 39. Kg1 Rd7 40. Kh2 Kc8 41. Qc3 Kb7 42. Nd2 Red8 43. Nf1 Rf7 44. Ng3 g6 45. R5f3 h5 46. Nf1 Rdf8 47. Nd2 f5 48. Qc4 Qe7 49. Rg3 Rf6 50. Nf3 (50. exf5 $14 gxf5 51. Qh4) 50... Rd6 (50... b5 $15 51. Qb3 fxe4 52. dxe4 Nd7) 51. exf5 $14 gxf5 {[#] Hoping for ...e4.} 52. Qh4 $1 {[%cal Rh4e7]} Rdf6 $1 53. Qxh5 e4 (53... Nd7 $11 {keeps the balance.}) 54. Nh4 $36 {[%cal Rh4f5,Bf3h4,Bh4g6,Bg6e7][%mdl 2080] Keeping Black busy.} exd3 55. Ng6 ({But not} 55. Nxf5 $2 {[#]} Rxf5 $1 {[%mdl 512]} 56. Rxf5 dxc2 $19) 55... dxc2 (55... Qf7 $142) 56. Nxe7 ({Worse is} 56. Rxc2 Qf7 $11) 56... c1=Q 57. Nxf5 Qe1 (57... Qb1 $16) 58. Rf4 $18 Ka8 $2 (58... Qd2 {is tougher.} 59. Qh7 Qd8) 59. Rg7 Rc8 60. Qh7 Qd2 61. Rxc7 Rxc7 62. Qxc7 Qd3 63. Rd4 Qxf5 64. Rd8 {Precision: White = 35%, Black = 32%.} 1-0

[Event "Chinggis Invitational IV 2018"]
[Site "Ulaanbaatar"]
[Date "2018.08.09"]
[Round "2"]
[White "Bilguun, Sumiya"]
[Black "Bocharov, Dmitry"]
[Result "1-0"]
[WhiteElo "2479"]
[BlackElo "2573"]
[Annotator "TA"]
[PlyCount "83"]
[EventDate "2018.08.08"]
[EventType "tourn"]
[EventCountry "MGL"]
[SourceTitle "playchess.com"]
[Source "ChessBase"]
[SourceQuality "1"]

{[%evp 13,83,67,86,88,93,92,88,80,78,88,80,55,55,51,58,55,60,47,52,58,67,39,40,29,81,81,84,62,93,19,116,116,118,116,121,119,162,159,213,198,204,206,226,217,231,229,233,233,233,236,235,229,255,220,368,345,458,479,463,458,491,478,441,433,414,416,712,722,708,707,596,445]} 1. e4 g6 2. d4 Bg7 3. Nc3 d6 4. Nge2 e5 5. Be3 Nf6 6. f3 {B06: Modern Defence} Nc6 7. Qd2 d5 {LiveBook: 6 Games} (7... exd4 8. Nxd4 O-O 9. Nxc6 bxc6 10. O-O-O Be6 11. Bh6 Bxh6 12. Qxh6 Qb8 13. h4 Qb4 14. h5 Rab8 15. Qg5 Ne8 16. Qh6 g5 17. Qxg5+ {0-1 (40) Plat,V (2551)-Mamedov,R (2678) Heraklio 2017}) 8. dxe5 {White is better.} Nxe5 9. Nxd5 $146 ({Predecessor:} 9. Ng3 Be6 10. Bd4 Nc6 11. exd5 Nxd4 12. dxe6 Nxe6 13. Qxd8+ Rxd8 {½-½ (72) Vavrak,P (2474)-Czebe,A (2480) Szombathely 2008}) 9... Nxd5 10. Qxd5 Qxd5 11. exd5 O-O 12. Nd4 Rd8 13. Nb5 Bf5 14. O-O-O (14. Nxc7 $2 Rac8 $19) 14... c6 15. Nc3 cxd5 16. Rxd5 Re8 17. Bf4 (17. Bb5 $5 {[%cal Rb5e8]}) 17... a6 18. a3 $36 {[%mdl 2048] White has good play.} h5 (18... Nd7 $11 {keeps the balance.}) 19. h3 $16 Nc6 20. Rd1 h4 21. Bd3 (21. Bg5 $16) 21... Nd4 (21... Bxd3 $11 {remains equal.} 22. cxd3 (22. Rxd3 Bxc3 23. bxc3 Ne5 $14) 22... Nd4) 22. Bxf5 Nxf5 23. Ne4 $1 Be5 24. Bg5 Ng3 25. Rhe1 Nf5 (25... Nxe4 $16 26. Rxe4 Bg3) 26. Nf6+ $18 Bxf6 27. Bxf6 Kf8 {[#]} 28. Re4 $1 Rxe4 29. fxe4 {[%mdl 4096] Endgame KRB-KRN} Ne3 30. Rd2 Re8 {[#]} 31. e5 $1 (31. Bxh4 $6 Rxe4 32. Bf6 Re6 $16) 31... b5 32. c3 ({Don't take} 32. Bxh4 $6 Rxe5 33. b3 Rf5 $16) 32... Nf5 33. Rd7 Re6 (33... Ne3 {keeps fighting.} 34. Ra7 (34. Bxh4 Rxe5 35. Bf6 Rd5 $16) 34... Nxg2) 34. Kd2 Ng7 35. Rd8+ Ne8 36. Ke3 Kg8 37. Kf4 Kh7 38. Rd7 Kg8 39. Bxh4 f6 (39... Rc6 $142 40. g4 Rc4+ 41. Kf3 Rc6) 40. Bxf6 {White is clearly winning.} Nxf6 41. exf6 Rxf6+ 42. Ke4 {Precision: White = 85%, Black = 40%.} 1-0

[Event "Chinggis Invitational IV 2018"]
[Site "Ulaanbaatar"]
[Date "2018.08.10"]
[Round "3"]
[White "Durarbayli, Vasif"]
[Black "Ganguly, Surya Shekhar"]
[Result "1-0"]
[WhiteElo "2633"]
[BlackElo "2652"]
[Annotator "TA"]
[PlyCount "89"]
[EventDate "2018.08.08"]
[EventType "tourn"]
[EventCountry "MGL"]
[SourceTitle "playchess.com"]
[Source "ChessBase"]
[SourceQuality "1"]

{[%evp 13,89,16,19,0,27,11,9,22,9,0,14,19,15,12,13,13,13,11,25,18,39,53,52,25,64,62,70,63,75,82,107,114,112,116,116,116,124,120,108,0,112,112,138,137,145,145,198,139,109,103,106,103,157,123,170,153,273,208,299,260,599,559,549,543,743,763,768,761,744,729,691,613,602,553,29970,29960,29978,29968]} 1. e4 {[%cal Be2e4,Be4e5][%mdl 32]} c6 2. d4 d5 3. e5 c5 4. dxc5 e6 5. Nf3 Bxc5 6. a3 {B12: Caro-Kann: Advance Variation} (6. Bd3 Ne7 7. O-O Ng6 8. a3 O-O 9. Nbd2 Nc6 10. b4 Bb6 11. Bb2 Nf4 12. Nb3 a5 13. Qd2 Nxd3 14. cxd3 {½-½ (38) Vitiugov,N (2735)-Anand,V (2776) Karlsruhe/Baden-Baden 2018}) 6... Ne7 7. b4 Bb6 {LiveBook: 16 Games} 8. Nbd2 {The position is equal.} a5 9. Bb2 axb4 10. axb4 Rxa1 11. Bxa1 $146 ({Predecessor:} 11. Qxa1 O-O 12. Be2 Na6 13. Qa3 {½-½ (42) Olofsson,D (2555)-Holroyd,K (2529) GER email 2015}) 11... Na6 12. Qb1 O-O 13. Bd3 Ng6 14. g3 Qe7 15. O-O Bc7 ({Don't play} 15... Nxb4 $6 16. Bxg6 fxg6 17. c3 $16) 16. Bc3 d4 17. Bxd4 {Threatens to win with c3.} Nxb4 18. Be4 Rd8 19. c3 $1 {[%cal Rc3b4]} Nc6 {[%cal Rc6e5]} 20. Nc4 Nxd4 21. cxd4 b6 22. Rc1 ({Weaker is} 22. Nxb6 Ba6 $17) 22... Ba6 23. Qa2 ({Worse is} 23. Nxb6 Rb8 $17) 23... Bxc4 24. Qxc4 Rd7 25. Bc6 Rd8 26. Be4 Rd7 $1 27. Ra1 Bb8 28. Ra6 $36 {[%mdl 2048] Black is under strong pressure.} Rc7 29. Qb3 Ba7 (29... Nf8 $16 {was called for.} 30. Rxb6 Ba7) 30. h4 (30. d5 $18 exd5 31. Qxd5) 30... Nf8 $16 31. Kg2 h6 32. Bd3 Nd7 ({Black should try} 32... Qd7 33. Qa2 Rb7) 33. Bb5 Nb8 34. Ra4 {Hoping for Qa2.} Nc6 (34... Nd7 $16 {might work better.} 35. Nd2 Nf8) 35. Qb1 Na5 (35... Bb8 {is a better defense.} 36. Bd3 Qd8 37. Qxb6 Ba7) 36. Qe4 $18 h5 $2 (36... Qd8 37. Bd3 g6) 37. Ng5 {[#] White threatens Qh7+ and mate.} g6 38. Qf3 Rc8 39. d5 exd5 40. Rf4 {[%cal Rf4f7]} Rf8 41. Rf6 {Black must now prevent e6.} Kg7 42. Qxd5 Nb7 43. Bc4 Nd8 44. Qe4 b5 {[#]} 45. Bxf7 $1 {[%mdl 512] Precision: White = 80%, Black = 39%.} 1-0

[Event "Chinggis Invitational IV 2018"]
[Site "Ulaanbaatar"]
[Date "2018.08.10"]
[Round "3"]
[White "Izoria, Zviad"]
[Black "Bilguun, Sumiya"]
[Result "1/2-1/2"]
[WhiteElo "2606"]
[BlackElo "2479"]
[Annotator "NA RC"]
[PlyCount "13"]
[EventDate "2018.08.08"]
[EventType "tourn"]
[EventCountry "MGL"]
[SourceTitle "playchess.com"]
[Source "ChessBase"]
[SourceQuality "1"]
[TimeControl "40/5400+30:1800+30"]

{[%evp 9,16,-122,42,-128,-19,-221,20,12,-2]} 1. e4 {[%emt 0:00:00]} c5 {[%emt 0:00:00]} 2. Nf3 {[%emt 0:04:19]} e6 {[%emt 1:31:00] d4cxd4Nxd4a6Nc3Qc7a3Nf6 [%clk 1:30:15]} 3. g4 {[%emt 0:04:37]} h6 {[%emt 0:00:00]} 4. h3 {[%emt 0:11:08]} Nc6 {[%emt 0:00:00] Be3 [%clk 1:10:26] b5 [%clk 1:19:35] Nxc6 [%clk 1:02:59] dxc6 [%clk 1:19:38] f4 [%clk 0:58:20] Bb7 [%clk 1:19:18]} 5. e5 {[%emt 0:24:39] c5 [%clk 1:00:10] Rh2 [%clk 0:46:15] Nd5 [%clk 0:58:54] Nxd5 [%clk 0:46:22] Bxd5 [%clk 0:59:09]} (5. d4 $11) 5... c4 {[%emt 0:00:00] Bc6 [%clk 0:56:08] Qc2 [%clk 0:29:56]} (5... Qc7 $17 6. Qe2 h5) 6. b4 $2 {[%emt 0:00:00] Bg2 [%clk 0:29:22]} (6. Bxc4 $14 {stays ahead.} d5 7. exd6) 6... Be7 {[%emt 0:00:00] Bxc6+ [%clk 0:23:21] Qxc6 [%clk 0:50:48] Qg2 [%clk 0:23:33] Qc8 [%clk 0:47:51] Qe4 [%clk 0:23:44] O-O [%clk 0:46:06] Rd2 [%clk 0:19:44] Rb8 [%clk 0:35:37]} ({Much weaker is} 6... Bxb4 $6 7. c3 $11) ({But not} 6... Nxb4 $6 7. Bxc4 d5 8. Be2 $11) ({Better is} 6... b5 $17 7. a3 Bb7) 7. Ke2 $19 {[%emt 0:31:37] bxa3 [%clk 0:34:03] Rxa3 [%clk 0:14:47] Rd8 [%clk 0:34:11] Rxd8+ [%clk 0:14:13] Qxd8 [%clk 0:32:16] Bc1 [%clk 0:14:29] Qd7 [%clk 0:30:44] Rd3 [%clk 0:11:15] Qa4 [%clk 0:30:55] Ra3 [%clk 0:11:18] Qd7 [%clk 0:31:20] Rd3 [%clk 0:10:52] Qa4 [%clk 0:31:44] Ra3 [%clk 0:10:33]} (7. Bxc4 $11 {and White stays safe.} Bxb4 8. Ba3) 1/2-1/2

[Event "Chinggis Invitational IV 2018"]
[Site "Ulaanbaatar"]
[Date "2018.08.10"]
[Round "3"]
[White "Bocharov, Dmitry"]
[Black "Shomoev, Anton"]
[Result "1-0"]
[WhiteElo "2573"]
[BlackElo "2552"]
[Annotator "TA"]
[PlyCount "259"]
[EventDate "2018.08.08"]
[EventType "tourn"]
[EventCountry "MGL"]
[SourceTitle "playchess.com"]
[Source "ChessBase"]
[SourceQuality "1"]

{[%evp 17,259,13,20,0,8,-15,-8,-15,-8,-12,-4,-10,0,-10,-12,0,41,37,23,38,41,0,6,-21,-10,-10,-8,-14,-6,-24,14,10,14,18,10,20,17,0,26,12,15,0,0,0,60,0,59,0,0,0,0,0,0,-13,0,0,0,0,0,0,0,-35,-27,-27,-27,-27,-27,-27,-27,-27,-27,-27,-28,-33,-27,-27,-6,-6,0,0,-7,-27,-27,-45,0,-28,-1,-60,0,-58,-56,-60,-28,-35,0,-116,0,0,0,-35,-35,-58,-47,-65,-12,-141,-41,-40,0,0,0,0,0,0,0,0,0,0,0,0,0,0,0,0,29,29,29,29,29,29,29,24,29,29,29,29,29,29,29,29,29,347,269,272,272,272,272,0,134,134,29940,12846,29956,134,134,134,261,261,261,261,261,261,261,261,261,261,261,261,261,261,261,261,261,261,29955,29956,29951,29958,29958,29959,29958,29958,29958,29960,29959,29960,29961,29961,29961,29961,29961,29962,29960,29959,29959,29952,29949,29945,29952,29944,29947,0,29955,29952,29955,29955,29954,29954,29947,0,29938,12849,29945,12851,12850,12848,12849,12850,29938,12848,29938,419,419,127,29946,29945,29950,29952,29949,29956,12831,12814,12804,12803,12718,6136,29990,29991,29991,29992,29993,29994,29995,29996]} 1. e4 c5 2. Nc3 d6 3. g3 Nc6 4. Bg2 g6 5. d3 Bg7 6. f4 Nf6 7. Nge2 O-O 8. O-O Rb8 9. h3 Nd7 {LiveBook: 50 Partien} 10. a3 {B25: Sizilianisch (Geschlossenes System)} (10. Nd5 e6 11. Ne3 b5 12. f5 Bb7 13. c3 b4 14. Ng4 bxc3 15. bxc3 exf5 16. exf5 Nce5 17. Bxb7 Rxb7 {½-½ (46) Aronian,L (2764)-Vachier Lagrave,M (2789) Leuven 2018}) 10... b5 11. Rb1 $146 ({Vorgänger:} 11. g4 Nd4 12. Ng3 Bb7 13. Nce2 Qc7 14. f5 Ne5 15. Nf4 b4 16. a4 c4 17. Be3 {1-0 (36) Rimskaya,E-Barantseva,A (2113) Bila Tserkva 2004}) 11... a5 12. a4 {Die Stellung ist ausgeglichen.} bxa4 13. Nxa4 Nb6 14. Nac3 Nd4 15. Kh2 Bd7 16. Bd2 Na4 17. Nxa4 Bxa4 18. Nxd4 Bxd4 19. Qc1 Bg7 20. Rf2 Bc6 21. c3 Rb3 22. f5 Qb6 23. Bh6 Bxc3 24. fxg6 hxg6 {zielt auf ...Lg7 ab.} 25. Bxf8 Kxf8 26. Qh6+ Kg8 $1 {Droht ...Ld4 und aus.} 27. Rbf1 Bf6 28. h4 Rxb2 29. h5 Rxf2 30. Rxf2 Bg7 (30... gxh5 $11 31. e5 Bxe5 32. Qxh5 Bf6) 31. Qg5 (31. Qf4 $14 Be8 32. hxg6 fxg6 33. e5 dxe5 34. Qg4) 31... c4 (31... Bf6 $11 32. Qg4 Be8) 32. Ra2 (32. Qf4 $14 Be8 33. hxg6 fxg6 34. e5) 32... Bf6 33. Qg4 $1 Kg7 34. hxg6 fxg6 35. dxc4 Be8 36. e5 Bxe5 37. Bd5 Qe3 38. Re2 Qd3 39. Rf2 (39. Rxe5 $5 dxe5 40. Qe6 Qe2+ 41. Kg1 $11) 39... a4 40. Rf3 Qe2+ 41. Kh3 {Und Tf7+! würde nun gewinnen.} Bf6 42. Qc8 Bf7 43. Bxf7 Kxf7 $11 {[%mdl 4096] Endspiel KDT-KDL} 44. Qc6 Kg7 45. Qd5 g5 46. Qd3 $1 {[%cal Rd3e2]} Qe6+ 47. Kg2 Qc8 48. Qd5 Qb8 {Und weiter mit ...a3! wäre nett.} 49. Qd3 Qa8 50. g4 Qc8 51. Rf5 Qe6 52. Kf2 (52. Kh3 $11) 52... Qc8 53. Kg2 $1 Qb7+ 54. Rf3 Qb2+ 55. Rf2 Qa1 56. Rf3 (56. Re2 $11) 56... Qc1 (56... Bd4 $1 $17 {Weiss muss nun ...Dg1+ beachten.} 57. Qf1 Qa2+ 58. Kh1 Bf6) 57. Rf1 Qb2+ 58. Rf2 Qb6 59. Rf3 Qc6 60. Kh3 Qc8 (60... Qc7 $15) 61. Rf5 (61. Qd5 $11) 61... Qh8+ (61... Qb7 $1 $17 {Droht stark ...a3!} 62. Qd5 Qb2) 62. Kg2 $15 Qh4 63. Qe4 Qh8 64. c5 dxc5 {...a3 ist eine echte Drohung.} 65. Qxa4 Qd8 {Weiss sollte ...Dd2+ verhindern.} 66. Qe4 Qc7 67. Qc4 Qb7+ 68. Kg3 Qh1 69. Rxc5 Qg1+ 70. Kf3 Qh1+ 71. Ke2 Qg2+ 72. Kd1 $1 Qg1+ 73. Kc2 Qf2+ 74. Kb3 Qb2+ 75. Ka4 Qa1+ 76. Kb5 Qb2+ 77. Kc6 Qb8 78. Kd7 Kh6 79. Rc6 $2 {[%mdl 8192]} (79. Rc8 $11 Qf4 80. Ke8) 79... Kg7 $18 80. Rc8 Qf4 81. Qg8+ Kh6 82. Qc4 (82. Qf8+ $1 $18 Bg7 83. Rc6+ (83. Qxe7 Qxg4+ 84. Qe6+ Qxe6+ 85. Kxe6 Kg6 $11) 83... Kh7 84. Qxf4 (84. Qxe7 Qxg4+ 85. Kc7 Qf5 $14) 84... gxf4 85. Kxe7) 82... Kg7 $1 $16 ({Aber nicht} 82... Qd6+ $2 83. Ke8 $18) 83. Ke8 $1 Qf3 $2 {[%mdl 8192]} (83... Be5 $16 84. Qd5 Bf6) 84. Rc6 Be5 85. Qe6 $2 (85. Kxe7 {setzt Matt} Bf6+ 86. Ke8 Be5 87. Qe6 Qf8+ 88. Kd7 Qf7+ 89. Qxf7+ Kxf7 90. Rc5) 85... Bd6 86. Kd7 Qf4 (86... Qa3 $16 {ist eine bessere Verteidigung.} 87. Qc4 Be5) 87. Rc4 $1 $18 {[%cal Rc4f4]} Qf3 88. Qe4 $1 {[%cal Re4f3]} Qf7 89. Rc8 Qf4 90. Qc4 Qxc4 91. Rxc4 {KT-KL} Kf6 92. Re4 Be5 93. Re2 Bd6 94. Kc6 Be5 95. Kd5 e6+ $2 (95... Bg3 $18 96. Kc6 Bf4) 96. Kc6 $1 {[%cal Rc6d7]} Bf4 {[#]} 97. Kd7 $1 e5 98. Re4 Bg3 99. Kd6 Bf4 100. Kd5 Ke7 101. Ra4 Kd7 102. Ra7+ Kd8 103. Ke4 Ke8 104. Kf5 Kd8 105. Rh7 Ke8 106. Kf6 Kd8 107. Re7 Bg3 108. Ke6 Bf4 109. Kf6 Bg3 110. Re6 Kd7 111. Kf5 Bf4 112. Ra6 Ke7 113. Ra7+ Kd8 $1 114. Rg7 Ke8 115. Ke6 {[%cal Rg7g8]} Kd8 116. Kd5 Ke8 117. Rh7 Kd8 118. Ra7 (118. Kd6 $142 e4+ 119. Ke6 Kc8 120. Kd5 e3 121. Kd4 Kb8 122. Kd3 Kc8 123. Rg7) 118... Ke8 119. Kd6 (119. Ke6 $142 Kd8 120. Kd5 Bg3 121. Ke4 Ke8 122. Kf3 Bf4 123. Ke4 Bh2 124. Rg7) 119... e4+ 120. Kc6 $2 (120. Ke6 $18 {ist der präzise Gewinnweg. Weiss droht Ta8+ und Matt.} Kd8 121. Re7) 120... e3 $2 {[%mdl 8192] [#]} (120... Bd2 $16 121. Ra4 e3 122. Re4+ Kf8) 121. Ra4 $1 {[%cal Ra4e4]} Ke7 122. Re4+ Kf6 123. Kd7 Kf7 124. Re6 Kf8 125. Re7 Kg8 126. Ke8 (126. Ke6 $142 Bg3 127. Kf6) 126... Kh8 127. Kf7 {Weiß setzt Matt.} Kh7 128. Re8 Bg3 129. Rxe3 Bh4 130. Re5 {Precision: Weiß = 60%, Schwarz = 44%.} 1-0

[Event "Chinggis Invitational IV 2018"]
[Site "Ulaanbaatar"]
[Date "2018.08.10"]
[Round "3"]
[White "Batchuluun, Tsegmed"]
[Black "Abasov, Nijat"]
[Result "0-1"]
[WhiteElo "2571"]
[BlackElo "2623"]
[Annotator "TA"]
[PlyCount "78"]
[EventDate "2018.08.08"]
[EventType "tourn"]
[EventCountry "MGL"]
[SourceTitle "playchess.com"]
[Source "ChessBase"]
[SourceQuality "1"]

{[%evp 29,78,24,20,19,19,20,20,20,14,25,15,5,34,21,28,14,24,7,2,3,10,15,41,-1,0,-10,-9,-13,-13,-12,-17,-14,-14,-239,-242,-127,-19,-20,-20,-22,-33,-11,0,0,0,-233,-12,-29997,-29986,-29998,-29999]} 1. d4 Nf6 2. c4 e6 3. Nf3 d5 4. g3 Be7 5. Bg2 O-O 6. O-O dxc4 7. Ne5 Nc6 8. Bxc6 bxc6 9. Nxc6 Qe8 10. Nxe7+ Qxe7 11. Na3 {E05: Open Catalan: 5 Nf3 Be7} (11. Qc2 c5 12. Qxc4 cxd4 13. Qxd4 e5 14. Qh4 h6 15. Nc3 Bb7 16. Be3 Qe6 17. Qa4 Bc6 18. Qa6 Rfc8 19. f3 Rab8 20. Rab1 Nd5 21. Nxd5 Bxd5 22. Qxe6 Bxe6 {½-½ (30) Wang,Y (2679)-Wang,H (2710) Hangzhou 2018}) 11... c5 12. dxc5 Qxc5 13. Be3 Qh5 14. f3 c3 15. bxc3 {[%cal Bb2c3,Bc3c4][%mdl 32]} Qa5 {LiveBook: 5 Games} 16. Qc1 Ba6 17. c4 Rac8 18. Rd1 {[%cal Bf1d1,Bd1d4,Bd4h4,Bh4h5][%mdl 32]} Nd5 19. Rd4 $146 Rc6 20. Kg2 Nb6 21. Rb1 {[%cal Ba1b1,Bb1b3,Bb3d3][%mdl 32]} Rfc8 22. Rb3 e5 23. Rh4 {Threatens to win with Bd2.} h6 {[%cal Rb6c4]} 24. Bxb6 axb6 25. Qe3 Re6 {[%cal Bc6e6,Be6e5,Be5e2][%mdl 32]} 26. Rd3 Bb7 {...e4! is the strong threat.} 27. Rh5 g6 28. Rxh6 {aiming for Nb5.} e4 $1 {[%cal Re4f3]} 29. Qd4 {[%csl Gd4][%cal Rh6h8]} Qe5 30. Qxe5 $1 Rxe5 31. Rb3 $2 (31. Rd7 $11 exf3+ 32. exf3 Re2+ 33. Kf1 Bxf3 34. Rd3) 31... exf3+ $19 32. exf3 {[#]} Rd8 (32... Re2+ $1 $17 33. Kh3 Rf2) 33. g4 $1 $11 ({Don't blunder} 33. Rxb6 $2 Rd2+ 34. Kf1 Bxf3 $19) 33... Kg7 $36 {[%mdl 2048] Black has good play.} 34. Rh3 Re2+ 35. Kg3 Rd1 36. Rxb6 Bc8 {Hoping for ...Rg1+.} (36... g5 $5 37. Rh5 $8 Rg1+ 38. Kh3 Bxf3 39. Rxg5+ Kf8 $16) 37. Rb8 $2 {[#]} (37. Rb1 $1 $11 {and White stays safe.} Rxb1 38. Nxb1) 37... g5 $2 ({Better is} 37... Rg1+ $1 $19 38. Kf4 f6) 38. Rh5 $2 {[%mdl 8192]} (38. Rb1 $11 Rdd2 39. Rg1) 38... Rg1+ 39. Kh3 {[#]} Bxg4+ $1 {[%mdl 512] Precision: White = 32%, Black = 56%.} 0-1

[Event "Chinggis Invitational IV 2018"]
[Site "Ulaanbaatar"]
[Date "2018.08.10"]
[Round "3"]
[White "Lkhagvasuren, Tsedvee"]
[Black "Robson, Ray"]
[Result "1/2-1/2"]
[WhiteElo "2280"]
[BlackElo "2670"]
[Annotator "TA"]
[PlyCount "76"]
[EventDate "2018.08.08"]
[EventType "tourn"]
[EventCountry "MGL"]
[SourceTitle "playchess.com"]
[Source "ChessBase"]
[SourceQuality "1"]

{[%evp 18,76,34,11,41,50,49,41,47,55,68,60,58,62,146,139,175,182,212,138,137,129,143,82,125,123,125,119,122,125,117,64,51,61,62,61,61,66,62,60,56,54,49,65,74,57,51,0,60,57,54,29,58,45,139,114,164,150,163,161,144]} 1. d4 Nf6 2. c4 g6 3. Nc3 d5 4. Nf3 Bg7 5. Qb3 dxc4 6. Qxc4 O-O 7. e4 Bg4 8. Be3 Nfd7 9. Rd1 Nb6 {D98: Grünfeld: Russian System: 7 e4 Bg4} (9... Nc6 10. Be2 Nb6 11. Qc5 Qd6 12. e5 Qxc5 13. dxc5 Nc8 14. Bf4 Bxf3 15. Bxf3 Nxe5 16. Bxe5 Bxe5 17. O-O c6 18. Rfe1 Bg7 19. Rd7 Rb8 20. Ne4 Bxb2 21. g3 {½-½ (82) Ivanchuk,V (2768)-Ponomariov,R (2764) Khanty-Mansiysk 2011}) 10. Qc5 {LiveBook: 11 Games} Na6 $146 ({Predecessor:} 10... Qd6 11. Nb5 Qd7 12. Qxc7 Rc8 13. Qxd7 Bxd7 14. Ne5 Bxe5 15. dxe5 Nc4 16. Bxc4 Rxc4 17. Nc3 {½-½ (66) Volkov,S (2580)-Afanasiev,N (2460) Voronezh 2018}) 11. Bxa6 bxa6 {White is slightly better.} 12. h3 {[%cal Bh2h3,Bh3h4][%mdl 32]} Bxf3 13. gxf3 Qd7 14. h4 h5 15. b3 $36 {[%mdl 2048] Black is under pressure.} f5 (15... Rfd8 $14) 16. Rg1 $16 Kh7 17. Ne2 Rf6 18. Nf4 Rc6 19. Qa5 Rf8 20. e5 (20. Rg3 $142) 20... Rd8 21. Kf1 ({Inferior is} 21. Qxa6 Bxe5 22. Qd3 Bxf4 $17) 21... Bh6 22. e6 Qe8 {and if ...Bxf4 works, Black does fine.} 23. Nxg6 Rd5 24. Qa3 ({Don't play} 24. Qxa6 Bxe3 25. fxe3 Nc4 $11) (24. Qb4 $16 Rxe6 25. Bxh6 Rxg6 26. Rxg6 Qxg6 27. Bf4) 24... Rxe6 $14 25. Bxh6 Qb5+ 26. Kg2 {[#] Strongly threatening Nf8+.} Rxg6+ 27. Bg5 Rdd6 28. Qc1 Nd5 29. Qd2 a5 30. Kh2 a4 31. bxa4 Qxa4 32. Rde1 (32. Qd3 $14) 32... Qd7 ({Black should play} 32... Rc6 $11) 33. Re5 e6 34. Ree1 Nb6 35. Be3 Rxg1 (35... Qd8 $14 36. Kh3 Qg8) 36. Rxg1 $16 Nc4 37. Qe2 Nxe3 38. fxe3 Qf7 {Precision: White = 61%, Black = 41%.} 1/2-1/2

[Event "Chinggis Invitational IV 2018"]
[Site "Ulaanbaatar"]
[Date "2018.08.11"]
[Round "4"]
[White "Robson, Ray"]
[Black "Batchuluun, Tsegmed"]
[Result "1/2-1/2"]
[WhiteElo "2670"]
[BlackElo "2571"]
[Annotator "TA"]
[PlyCount "92"]
[EventDate "2018.08.08"]
[EventType "tourn"]
[EventCountry "MGL"]
[SourceTitle "playchess.com"]
[Source "ChessBase"]
[SourceQuality "1"]

{[%evp 18,92,9,0,6,-5,-8,-8,-5,-5,0,2,0,5,4,10,11,23,35,33,42,27,36,36,38,35,33,33,41,41,52,41,49,14,8,0,17,0,0,0,0,0,0,0,2,0,0,0,0,0,0,0,0,0,0,0,11,-43,0,-24,0,-14,0,0,0,0,0,-14,0,-11,0,0,0,0,0,0,0]} 1. e4 e5 2. Nf3 Nc6 3. Bb5 Nf6 4. d3 Bc5 5. Bxc6 dxc6 6. Nbd2 {C65: Ruy Lopez: Berlin Defence (3...Nf6), unusual lines and 4 0-0 Bc5} Be6 7. O-O (7. Qe2 Nd7 8. Nb3 Bb6 9. Ng5 Nf8 10. Be3 Qe7 11. g3 Bxb3 12. axb3 f6 13. Nf3 Ne6 14. Bxb6 cxb6 {½-½ (36) Svidler,P (2753)-Carlsen,M (2842) Biel 2018}) 7... Nd7 8. Nb3 Bb6 9. Ng5 Bxb3 10. axb3 {LiveBook: 24 Games} Qe7 11. Kh1 f6 12. Nf3 a6 $146 ({Predecessor:} 12... Nc5 13. Nh4 Ne6 {½-½ (54) Sethuraman,S (2622)-Karthikeyan,P (2400) Kottayam 2014}) 13. Nd2 O-O-O 14. Nc4 Ba7 15. f4 Kb8 16. Bd2 Bd4 17. Bc3 Nb6 18. fxe5 {Hoping for Bxd4.} fxe5 19. Nd2 Bxc3 20. bxc3 g6 21. Nf3 Rhf8 22. Qd2 Rf4 23. g3 Rf6 24. Kg2 Rdf8 25. b4 R8f7 26. Rab1 Nd7 27. c4 Qf8 {[%cal Rf6f3]} 28. Qe2 c5 29. c3 Qe7 30. Qe3 Ka8 31. h4 Kb8 32. bxc5 Nxc5 33. Rbe1 Nd7 34. d4 c5 35. Rb1 Ka8 36. Rbd1 Qf8 37. d5 (37. Rd2 $11) 37... h6 38. Qd3 Ka7 39. Ra1 {The position is equal.} Ka8 40. Qe2 Ka7 41. Rab1 Ka8 42. Qd3 Ka7 43. Rbd1 Ka8 44. Qe2 Ka7 45. Rb1 Ka8 46. Rbd1 Ka7 {Precision: White = 63%, Black = 57%.} 1/2-1/2